| 000 | 01141cad a22002415a 4500 | ||
|---|---|---|---|
| 001 | E152565 | ||
| 008 | 110329s2010 xxk f 000 0 eng d | ||
| 020 | _a9781842195659 | ||
| 035 | _a(Sirsi) u152565 | ||
| 041 | 0 | _aeng | |
| 110 | 2 |
_aRoyal Institution of Chartered Surveyors _94900 |
|
| 245 | 0 | 0 |
_aGeospatial information and the surveying profession _bRICS information paper |
| 260 |
_aCoventry _bRICS _c2010 |
||
| 490 | 0 | _aRICS Information Paper | |
| 520 | _aGeographic or geospatial information (GI) has become part of everyday life and is a growing worldwide phenomenon. This publication seeks to inform and point RICS members towards a future of technological change, and to give a glimpse of the potential impacts upon surveying in its broadest sense. | ||
| 520 | _aOUT OF DATE ARCHIVED 23 DECEMBER 2016 | ||
| 521 | _aAdvanced | ||
| 590 | _aKA | ||
| 651 | 4 | _aInternational | |
| 690 | _aENVIRONMENTAL AND LAND CONSULTANCY-GEOMATICS | ||
| 856 | 4 | 0 |
_uhttps://www.isurv.com/downloads/file/2360/archive_geospatial_information_and_the_surveying_profession_1st_edition _zArchived on isurv (subscription required) |
| 942 |
_n0 _2ddc |
||
| 999 |
_c112117 _d112117 |
||